LEADER 01084cam0-22003371i-450- 001 990006747390403321 005 20121112094053.0 035 $a000674739 035 $aFED01000674739 035 $a(Aleph)000674739FED01 035 $a000674739 100 $a20010426d198-----km-y0itay50------ba 101 0 $aita 102 $aIT 105 $ay-------001yy 200 1 $aBauer, Nitti, Mann$eumanesimo democratico e ragioni degli Stati in tre ricerche di utopia concreta$fRaffaele D'Agata 210 $aFasano$cSchena$d1987 215 $a125 p.$d24 cm 225 1 $aCollana del Dipartimento di studi storici dal Medioevo all'età contemporanea, Università degli studi di Roma La Sapienza$v2 610 0 $aBauer, Otto 610 0 $aNitti, Francesco Saverio 610 0 $aMann, Thomas 676 $a320.50924$v19$zita 700 1$aD'Agata,$bRaffaele$f<1946- >$0171477 801 0$aIT$bUNINA$gREICAT$2UNIMARC 901 $aBK 912 $a990006747390403321 952 $aUniv. 154 (2)$b4041$fFSPBC 959 $aFSPBC 996 $aBauer, Nitti, Mann$9630736 997 $aUNINA LEADER 00925nam a2200229 i 4500 001 991000099569707536 005 20020503114027.0 008 010302s1999 uk ||| | eng 020 $a1841710318 035 $ab1002914x-39ule_inst 035 $aocm00000658$9ExL 040 $aDip.to Beni Culturali$bita 100 1 $aPena-Chocarro, Leonor$0459740 245 10$aPrehistoric agriculture Southern Spain during the Neolithic e Bronze Age :$bthe application of ethnographic models /$cLeonor Pena-Chocarro 260 $aOxford :$bB.A.R.,$c1999 300 $a167 p. 907 $a.b1002914x$b21-09-06$c31-05-02 912 $a991000099569707536 945 $aLE001 H1 137 4?$g1$i2001000019137$lle001$o-$pE0.00$q-$rl$s- $t0$u0$v0$w0$x0$y.i10032423$z31-05-02 996 $aPrehistoric agriculture Southern Spain during the Neolithic e Bronze Age$9178011 997 $aUNISALENTO 998 $ale001$b01-01-01$cm$da $e-$feng$guk $h0$i1 LEADER 02943 am 2201009 n 450 001 9910418043803321 005 20200401 010 $a88-7885-782-3 010 $a88-7885-784-X 024 7 $a10.4000/books.res.5887 035 $a(CKB)4100000011214050 035 $a(FrMaCLE)OB-res-5887 035 $a(oapen)https://directory.doabooks.org/handle/20.500.12854/52819 035 $a(PPN)244859884 035 $a(EXLCZ)994100000011214050 100 $a20200505j|||||||| ||| 0 101 0 $aita 135 $auu||||||m|||| 181 $ctxt$2rdacontent 182 $cc$2rdamedia 183 $acr$2rdacarrier 200 10$aMarx e la critica del presente $eAtti del convegno ?Marx e la critica del presente (1818-2018)?, Roma, 27-29 novembre 2018 /$fMarco Gatto 210 $aTorino $cRosenberg & Sellier$d2020 215 $a1 online resource (256 p.) 311 $a88-7885-781-5 330 $aMarx duecento anni dopo: un?eredità alla prova. 606 $aPhilosophy 606 $afilosofia critica 606 $acritica 606 $afilosofia 606 $asoggettività 606 $aumanesimo 606 $aGrundrisse 606 $acapitalismo 606 $agenere 606 $acapitale 606 $aeconomia politica 606 $aeconomia critica 606 $acritica della cultura 606 $adiritto di classe 610 $acritica 610 $aumanesimo 610 $aGrundrisse 610 $adiritto di classe 610 $aeconomia critica 610 $afilosofia critica 610 $agenere 610 $afilosofia 610 $acapitale 610 $asoggettività 610 $acapitalismo 610 $acritica della cultura 610 $aeconomia politica 615 4$aPhilosophy 615 4$afilosofia critica 615 4$acritica 615 4$afilosofia 615 4$asoggettività 615 4$aumanesimo 615 4$aGrundrisse 615 4$acapitalismo 615 4$agenere 615 4$acapitale 615 4$aeconomia politica 615 4$aeconomia critica 615 4$acritica della cultura 615 4$adiritto di classe 700 $aAndolfi$b Ferruccio$0145571 701 $aBasso$b Luca$0592584 701 $aBellofiore$b Riccardo$0124628 701 $aCesarale$b Giorgio$0472126 701 $aFinelli$b Roberto$0120639 701 $aGatto$b Marco$0615978 701 $aGenovese$b Rino$0144524 701 $aGiardini$b Federica$0474480 701 $aMascat$b Jamila M.H$01291967 701 $aMorfino$b Vittorio$0615372 701 $aPetrucciani$b Stefano$0144697 701 $aProspero$b Michele$0451670 701 $aRicciardi$b Maurizio$0145663 701 $aToffanin$b Tania$01291968 701 $aGatto$b Marco$0615978 801 0$bFR-FrMaCLE 906 $aBOOK 912 $a9910418043803321 996 $aMarx e la critica del presente$93022103 997 $aUNINA